000 00785nam a2200181Ia 4500
008 100920s9999 xx 000 0 und d
082 _b60752
_a61 थ 82
100 _aपाटणे संभाजीराव.
245 _aत्यागमूर्ती कर्मवीर भाऊराव पाटील.
260 _bसुशील प्रकाशन, सातारा.
_c1982
300 _a49
_bसाधी
365 _b5
520 _aस्थानिक वाचन.
630 _aत्यागमूर्ती कर्मवीर भाऊराव पाटील.
650 _aस्थानिक वाचन.
730 _aत्यागमूर्ती कर्मवीर भाऊराव पाटील.
942 _cBOOK
999 _c704002
_d703999